წინაბერძნული და ქართველური / (ბიბ.ჩანაწერი № 51057)
[ მარტივი ფორმატი ]
| 000 -ლიდერი | |
|---|---|
| ფიქსირებული სიგრძის საკონტროლო ველი | 01275nam a2200241Ia 4500 |
| 001 - საკონტროლო ნომერი | |
| საკონტროლო ველი | 18014 |
| 003 - საკონტროლო ნომრის იდენტიფიკატორი | |
| საკონტროლო ველი | GE_BSU |
| 005 - ბოლო ოპერაციის თარიღი და დრო | |
| საკონტროლო ველი | 20200226172730.0 |
| 008 - ფიქსირებული სიგრძის მონაცემთა ელემენტები - ზოგადი ინფორმაცია | |
| ფიქსირებული სიგრძის საკონტროლო ველი | 181216s1985||||ge |||||||||||||| ||ge || |
| 040 ## - კატალოგიზაციის წყარო | |
| Transcribing agency | GE_BSU |
| 080 ## - უნივერსალური ათობითი კლასიფიკაციის ინდექსი | |
| Universal Decimal Classification number | 811.353 + 811.14'01 გ-70 |
| 100 ## - მთავარი ჩანაწერი - პიროვნების სახელი | |
| Personal name | გორდეზიანი, რისმაგ |
| 9 (RLIN) | 3462 |
| 245 ## - ცნობა სათაურის შესახებ | |
| Title | წინაბერძნული და ქართველური / |
| Statement of responsibility, etc | რისმაგ გორდეზიანი ; რედ. თ. გამყრელიძე. |
| 264 ## - წარმოების, გამოცემის, დისტრიბუციის და სხვა ცნობები | |
| გამოცემის, წარმოების, დისტრიბუციის... ადგილი | თბილისი : |
| გამოცემის, წარმოების, დისტრიბუციის... სახელწოდება | თბილ. უნ-ტის გამ-ბა, |
| გამოცემის, წარმოების, დისტრიბუციის... თარიღი | 1985. |
| 300 ## - ფიზიკური აღწერა | |
| Extent | 224 გვ. ; |
| Dimensions | 21 სმ. |
| 520 ## - SUMMARY, ETC. | |
| Summary, etc | პარალელ. თავფ. და რეზ. რუს. და გერმ. ენებზე |
| 653 ## - INDEX TERM--UNCONTROLLED | |
| Uncontrolled term | ქართველური ენები |
| 653 ## - INDEX TERM--UNCONTROLLED | |
| Uncontrolled term | ძველი ბერძნული ენა |
| 653 ## - INDEX TERM--UNCONTROLLED | |
| Uncontrolled term | წინაბერძნული და ქართველური |
| 700 ## - ADDED ENTRY--PERSONAL NAME | |
| Personal name | გამყრელიძე, თ. |
| Relator term | რედაქტორი |
| 9 (RLIN) | 3546 |
| 710 ## - ADDED ENTRY--CORPORATE NAME | |
| Corporate name or jurisdiction name as entry element | თსუ-ს ხმელთაშუა ზღვის კულტურების კვლევის ლაბორატორია |
| 9 (RLIN) | 7527 |
| 942 ## - ADDED ENTRY ELEMENTS (KOHA) | |
| Koha item type | წიგნი |
| Source of classification or shelving scheme | |
| ჩამოწერის სტატუსი | დაკარგული ეგზემპლარის სტატუსი | კლასიფიკაციის წყარო ან თაროზე გაწყობის სქემა | დაზიანების სტატუსი | არ გაიცემა | მუდმივი მდებარეობა (დაცვის ადგილი) | ამჟამინდელი ადგილსამყოფელი | თაროზე განთავსების ადგილი | შეძენის თარიღი | ღირებულება, შესყიდვის ნორმალური ფასი | სრული შენახვის შიფრი | შტრიხკოდი | ბოლო ოპერაციის თარიღი | ეგზემპლარის მიმდევრობითი ნომერი (კეტერი?) | ფასის ძალაში შესვლის თარიღი | ეგზემპლარის სახეობა | საჯარო შენიშვნა | Uniform Resource Identifier |
|---|---|---|---|---|---|---|---|---|---|---|---|---|---|---|---|---|---|
| ბათუმის შოთა რუსთაველის სახელმწიფო უნივერსიტეტის მთავარი ბიბლიოთეკა | ბათუმის შოთა რუსთაველის სახელმწიფო უნივერსიტეტის მთავარი ბიბლიოთეკა | წიგნსაცავი | 2018-12-17 | 0.50 | 811.353 + 811.14'01 გ-70 | 45941 | 2018-12-17 | 45941 | 2018-12-17 | წიგნი | 0.50 ლ. | ||||||
| ბათუმის შოთა რუსთაველის სახელმწიფო უნივერსიტეტის მთავარი ბიბლიოთეკა | ბათუმის შოთა რუსთაველის სახელმწიფო უნივერსიტეტის მთავარი ბიბლიოთეკა | წიგნსაცავი | 2018-12-17 | 0.50 | 811.353 + 811.14'01 გ-70 | 45942 | 2018-12-17 | 45942 | 2018-12-17 | წიგნი | 0.50თ. | ||||||
| ბათუმის შოთა რუსთაველის სახელმწიფო უნივერსიტეტის მთავარი ბიბლიოთეკა | ბათუმის შოთა რუსთაველის სახელმწიფო უნივერსიტეტის მთავარი ბიბლიოთეკა | 2018-12-17 | 5.00 | 811.353 + 811.14'01 გ-70 | 51632 | 2018-12-17 | 51632 | 2018-12-17 | წიგნი | 5.00 ლ. | |||||||
| ბათუმის შოთა რუსთაველის სახელმწიფო უნივერსიტეტის მთავარი ბიბლიოთეკა | ბათუმის შოთა რუსთაველის სახელმწიფო უნივერსიტეტის მთავარი ბიბლიოთეკა | წიგნსაცავი | 2023-07-11 | 7.00 | 811.353 + 811.14'01 გ-70 | 64928 | 2023-07-11 | 64928 | 2023-07-11 | წიგნი | 7.00 | ბსუ-ს საპატიო დოქტორის გურამ ლორთქიფანიძის საჩუქარი | |||||
| ბათუმის შოთა რუსთაველის სახელმწიფო უნივერსიტეტის მთავარი ბიბლიოთეკა | ბათუმის შოთა რუსთაველის სახელმწიფო უნივერსიტეტის მთავარი ბიბლიოთეკა | წიგნსაცავი | 2023-07-11 | 7.00 | 811.353 + 811.14'01 გ-70 | 64931 | 2023-07-11 | 64931 | 2023-07-11 | წიგნი | 7.00 | ბსუ-ს საპატიო დოქტორის გურამ ლორთქიფანიძის საჩუქარი |
